Najpopularniejsze rodzaje alkoholi w PL - Statystyki

Ogólne statystyki
  • Ten quiz został rozwiązany 1 791 razy
  • Średni wynik to 5 z 7
Statystyki odpowiedzi
Odpowiedź % Poprawnych
PIWO
99%
WÓDKA
99%
WINO
97%
WHISKY
87%
BIMBER
68%
NALEWKA
43%
BRANDY
19%
Nie znaleziono quizów pasujących do podanych kryteriów
Rozkład punktacji
Procent ludzi z każdym wynikiem
Percentyl według liczby udzielonych odpowiedzi
Twoja historia wyników
Nie rozwiązałeś tego quizu